Blood and Guts: A History of Surgery (Record no. 335016)
[ view plain ]
| 000 -LEADER | |
|---|---|
| fixed length control field | 00537nam a2200097Ia 4500 |
| 008 - FIXED-LENGTH DATA ELEMENTS--GENERAL INFORMATION | |
| fixed length control field | 170517s9999 xx 000 0 und d |
| 245 ## - TITLE STATEMENT | |
| Title | Blood and Guts: A History of Surgery |
| 300 ## - PHYSICAL DESCRIPTION | |
| Extent | Documentary series looking at the brutal, bloody and dangerous history of surgery. Michael Mosley recounts the history of surgery through its catastrophes and successes. 1. Into the Brain. Just over 100 years ago, cutting into the brain was a... |
| 650 ## - SUBJECT ADDED ENTRY--TOPICAL TERM | |
| General subdivision | Technology. |
| 856 ## - ELECTRONIC LOCATION AND ACCESS | |
| Uniform Resource Identifier | <a href="http://topdocumentaryfilms.com/blood-and-guts-a-history-of-surgery/">http://topdocumentaryfilms.com/blood-and-guts-a-history-of-surgery/</a> |
| Withdrawn status | Lost status | Damaged status | Home library | Current library | Date acquired | Total Checkouts | Date last seen | Price effective from | Koha item type |
|---|---|---|---|---|---|---|---|---|---|
| College Library | College Library | 05/17/2017 | 05/17/2017 | 05/17/2017 | Documentary Films |